00649nam a2200229 a 4500001001300000003000900013005001700022008004100039020002300080082001500103100001900118245002600137260002500163300000900188500003500197505001000232650001700242902000800259942000700267952012800274999001700402nice12345678IN_TiNIC20260116014227.0080623s2004 dela grp 000 0 eng  a8186706682 c35000a305.3bIVE aIvekovic, Rada aFrom Gender to Nation aDelhibZubaan c2004 a226p aincludes index and biblioraphy2 aindex aGender Roles bSRS cBK 001040708StackRoom-aHMIbHMId2008-06-23g350.00l1o305.3 IVEp022440r2019-10-23s2018-12-21v350.00w2008-06-23yBK c14415d14415